| 000 | 01306nam a22003377a 4500 | ||
|---|---|---|---|
| 003 | CHAP | ||
| 005 | 20220329140448.0 | ||
| 008 | 971013s1979 r 00010 d | ||
| 010 | _a52330 | ||
| 011 | _a53302 | ||
| 035 | _a57452 | ||
| 040 | _cCHAP | ||
| 082 |
_a676 _bP6 |
||
| 100 | 0 | 0 |
_aPorres, Carlos. _990961 |
| 245 | _aProducción de pulpa y papel con materias primas autóctonas centroamericanas. I. Producción de pulpa con 17 maderas tropicales de El Petén, Guatemala, empleando el proceso Kraft o al sulfato | ||
| 260 |
_a(s.l.) : _bInstituto Centroamericano de Investigación y Tecnología Industrial, _c1979 |
||
| 300 |
_a28 p. _b: apénd. |
||
| 590 |
_aBATCH-UPD _b10 _c20130110 _lUCH01 _h0545 |
||
| 590 |
_aBATCH-UPD _b10 _c20130110 _lUCH01 _h2357 |
||
| 590 |
_aBATCH-UPD _b10 _c20130410 _lUCH01 _h0226 |
||
| 590 |
_aBATCH-UPD _b10 _c20130410 _lUCH01 _h1643 |
||
| 590 |
_aBATCH-UPD _b10 _c20130914 _lUCH01 _h1739 |
||
| 590 |
_aCONVERSION _b10 _c20130109 _lUCH01 _h1328 |
||
| 650 | 1 | 4 |
_aMaderas tropicales. _969670 |
| 650 | 1 | 4 |
_aPapel _xFabricación y comercio. _985372 |
| 650 | 1 | 4 |
_aPulpa de papel. _993007 |
| 710 | 0 |
_aInstituto Centroamericano de Investigación y Tecnología Industrial. _959081 |
|
| 901 | _aBK | ||
| 942 | _cLIBRO | ||
| 949 |
_a676 P6 _bBC _cLIBRO _d33724000146510 _eLIBRO _i57452 _si |
||
| 999 |
_c52330 _d52330 |
||